000 00483nam a2200181Ia 4500
005 20250317122746.0
008 008 250317s9999 xx 000 0 eng d
037 _aTextbook
040 _aFMSL
_beng
_cFMSL
041 _aeng
_2eng
084 _aB28 K4
_qFMSL
100 _aWilks S S
245 0 _aElementary statistical analysis
260 _aCalcutta
_bCalcutta, Oxford
_c1964
300 _a284p
942 _cTB
_hB28 K4
999 _c1248525
_d1248525